Guyton and Hall textbook of medical physiology
-д хадгалсан:
| Үндсэн зохиолч: | |
|---|---|
| Формат: | Ном |
| Хэл сонгох: | англи |
| Хэвлэсэн: |
Filadelfia
Elsevier
2016
|
| Хэвлэл: | 13a. ed |
| Нөхцлүүд: | |
| Шошгууд: |
Шошго нэмэх
Шошго байхгүй, Энэхүү баримтыг шошголох эхний хүн болох!
|
MARC
| LEADER | 00000cam a2200000 a 4500 | ||
|---|---|---|---|
| 001 | UCC2258 | ||
| 003 | CL-VaPUC | ||
| 008 | 180114e20160000us |||||||||||||||||eng|d | ||
| 020 | |a 9781455770052 | ||
| 082 | 0 | 4 | |a 612 |b HAL |2 21 |
| 100 | |a Hall, John E |e author |9 596380 | ||
| 245 | 1 | 0 | |a Guyton and Hall textbook of medical physiology |
| 250 | |a 13a. ed | ||
| 300 | |a 1145 p | ||
| 942 | |c BK | ||
| 945 | |d 20180114 20:51:00 |a arojas | ||
| 260 | |a Filadelfia |b Elsevier |c 2016 | ||
| 650 | 0 | |a Fisiología humana |9 269557 | |
| 650 | 0 | |a Funciones corporales |9 561137 | |
| 650 | 0 | |a Endocrinología |9 335883 | |
| 583 | |a last modification |c 20180114 20:51:00 |k Rodrigo Vera | ||
| 999 | |c 370492 |d 370490 | ||
| 952 | |0 0 |1 0 |3 erd |4 0 |6 612_000000000000000_HAL_2016 |7 0 |8 A |9 487011 |a BIBCUR |b BIBCUR |i 5447747 |l 12 |m 2 |o 612 HAL 2016 |p 5447747 |r 2025-04-22 |s 2024-11-26 |w 2019-11-24 |y BK |z Catalogado en:20180114 |k QUI | ||
| 952 | |0 0 |1 0 |3 erd |4 0 |6 612_000000000000000_HAL_2016 |7 0 |8 A |9 487012 |a BIBCUR |b BIBCUR |i 5447755 |l 8 |m 4 |o 612 HAL 2016 |p 5447755 |r 2025-04-22 |s 2024-12-05 |w 2019-11-24 |y BK |z Catalogado en:20180114 |k QUI | ||